[Event "Capablanca Memorial 52nd"]
[Site "Matanzas"]
[Date "2017.06.04"]
[Round "8"]
[White "Shankland, Samuel L"]
[Black "Sasikiran, Krishnan"]
[Result "0-1"]
[WhiteElo "2676"]
[BlackElo "2669"]
[Annotator "Sasikiran,K"]
[PlyCount "118"]
[EventDate "2017.05.27"]
[EventType "tourn"]
[EventRounds "10"]
[EventCountry "CUB"]
[EventCategory "17"]
[SourceTitle "CBM 179"]
[Source "ChessBase"]
[SourceDate "2017.07.12"]
[SourceVersion "1"]
[SourceVersionDate "2017.07.12"]
[SourceQuality "1"]

1. c4 e5 2. g3 Nc6 {I thought for a minute before playing this, hoping that it
could be a surprise.} ({The previous year I had played} 2... f5 {which might
have influenced Sam to go here.}) 3. Bg2 f5 4. Nc3 Nf6 5. e3 e4 $5 {This sharp
move was old preparation from four years earlier and Sam began to take his
time over the next few moves.} 6. d3 Bb4 7. Nge2 d5 $5 8. cxd5 {Not the most
critical continuation. I guess he wanted to take the extra pawn.} (8. O-O $1
dxc4 $1 9. dxe4 fxe4 (9... Qxd1 10. Rxd1 fxe4 11. Nxe4 Bg4 12. Nxf6+ gxf6 13.
Kf1 $1 $14) 10. Qxd8+ (10. Nxe4 Bg4 $5) 10... Nxd8 11. Nxe4 Nxe4 12. Bxe4 c6 $5
{Although White is a bit better due to the pawn structure. It looked quite
defensible at that time.}) 8... Qxd5 $1 {I was playing rather quickly and had
barely spent 3 minutes to reach this position, whereas Sam began to think over
each of his moves and eventually ended in time trouble.} 9. dxe4 (9. Nf4 Qf7 $1
$13 {An ideal square for the queen as the battle becomes a fight for the light
squares.}) 9... Qxd1+ 10. Kxd1 O-O (10... fxe4 11. Nxe4 Rf8 $5 {was already
possible.}) 11. f4 $6 (11. exf5 Bxf5 12. e4 Bg6 {and the with many weaknesses 
(f2,e4 and d3). Black's compensation is obvious. But this was a much better
continuation than the game.}) 11... fxe4 $6 {I did not notice the difference
between this move and ...Rd8+.} (11... Rd8+ $1 12. Ke1 (12. Kc2 Bxc3 $1 13.
Nxc3 Nb4+ 14. Kb1 fxe4 {and the knight lands on d3.} 15. h3 h5 16. a3 Nd3 17.
Rg1 Bf5 $15) 12... Nxe4 $1 {This is the key difference. By threatening to
break the pawn structure on the queenside Black gains a vital tempo.} 13. a3
Nxc3 14. Nxc3 Bxc3+ 15. bxc3 Be6 16. Rb1 Na5 $1 $15) 12. a3 $1 {This he played
quickly and the game begins afresh as now Black has to give up the two bishops
in order to sustain the initiative.} Rd8+ $5 (12... Ba5 $5 13. Ke1 $1 (13. Nxe4
Rd8+ $19) (13. b4 Bb6 14. Nxe4 Rd8+ 15. Ke1 Ng4 16. Nc5 a5 $1 $17) 13... Re8
$13) 13. Ke1 $1 {The right way as the king is much safer on the kingside.} (13.
Kc2 Bc5 $1 $15 {and the e3-pawn is in trouble.}) 13... Bxc3+ $1 {I did not
want to part with this piece, but then going back allows his pieces to come
out quickly.} (13... Be7 14. Nxe4 Na5 $5 15. Rb1 {and although Black has some
compensation for the pawn, Black is the one who is fighting for equality.}) 14.
Nxc3 Bf5 $1 {Maintaining the bind as I thought he still has to get the
c1-bishop out into the game.} (14... Na5 15. b4 $1 Nb3 16. Rb1 Be6 17. Nxe4
Nxe4 18. Bxe4 a5 {Here I thought at best I could get a draw.}) 15. Bf1 {
This took him a long time as he had to decide whether to include h3 or not.} (
15. h3 $5 h5 $5 {Most probably this was what I would have chosen in the game
trying to keep the position closed. When we analysed afterwards, Sam felt that
the inclusion of h3-h5 is better than the game. But I thought it was roughly
the same.} (15... Na5 16. g4 Nb3 17. Rb1 Be6 18. Nxe4 Nxe4 19. Bxe4 Bd5 {
This was my intention during the game as I felt the exchange of light-squared
bishops allows easy play for Black and still Nb3 cripples the queenside.} (
19... Nc5 $5 {Sam thought Black has more than enough compensation for the pawn,
but the following exchange sac turns the game into an open fight.} 20. Bc2 Ba2
21. Ke2 $1 Bxb1 22. Bxb1 Rd7 $5 $13 {Although the computer claims 0.00 in this
position, i prefer White's chances with two bishops and the e-passer.}) 20.
Bxd5+ Rxd5 21. e4 Re8 22. e5 g5 $1 $11) 16. Bf1 Be6 $11) (15. g4 $2 Nxg4 16.
Nxe4 Nd4 $1 $17) 15... Be6 $1 {Of course Black cannot concede the a2-g8
diagonal.} 16. b4 $5 {A rather ambitious double edged move. With almost half
an hour behind on the clock and I would certainly think about repeating moves
with Bg2.} (16. Bg2 Na5 17. Nxe4 Nb3 18. Rb1 Bf5 (18... Bc4 $5) 19. Nxf6+ gxf6
20. e4 Re8 21. Kf2 Bxe4 22. Bxe4 Rxe4 23. Re1 Rxe1 24. Kxe1 Re8+ 25. Kf2 Rd8
26. Be3 f5 $11) 16... a5 $5 (16... h5 $5) 17. b5 Ne7 $1 (17... Nb8 {was also
possible but I did not want to disconnect the rooks.} 18. g4 $5 {leads to
sharp play.}) 18. Bg2 Bf5 19. Ra2 $5 (19. Bf1 Be6 $11) 19... Rd3 $5 {Already
envisaging the exchange sacrifice.} (19... Ned5 20. Rc2 Nxc3 21. Rxc3 Rac8 $11)
20. Rc2 (20. Bd2 Rad8 21. Bf1 R3d6 22. Rc2 h5 $5 23. h3 Be6 $13) 20... Rc8 $1 {
The key idea as Black needs to retake on c6 with the rook.} (20... c6 21. bxc6
$1 Nxc6 22. Bf1 $14) 21. Bf1 c6 $5 {Playing for a light-square blockade as I
felt the White light-coloured bishop was worth more than the rook.} (21... c5
$5 {was even stronger.} 22. Bd2 (22. Na4 c4 23. Nb6 Rc5 $1 24. h3 Be6 $17)
22... Ned5 23. Nxd5 Nxd5 24. Bxd3 exd3 25. Rc4 Nf6 $1 $44) 22. Bxd3 $2 {
I had about 39 minutes on the clock, whereas my opponent was approaching time
trouble already( 18 minutes to make it to time control on move 40). But now,
play becomes rather one sided as the black minor pieces almost dominate the
white rooks.} (22. bxc6 $6 Rxc6 23. Bd2 Ned5 $1 24. Bxd3 exd3 25. Rc1 Nxc3 26.
Rxc3 Rb6 $5 $15) (22. Bd2 $1 {Keeping the tension was preferable.} cxb5 (22...
c5 23. Bxd3 $5 exd3 24. Rc1 b6 $5 $13) 23. Bxd3 exd3 24. Rb2 Bd7 $5 25. e4 Rc4
26. e5 b4 27. axb4 axb4 28. Nd1 Ne4 $13) 22... exd3 23. Rb2 Ned5 $1 {I guess
Sam missed this move when he took on d3. Now the black rook joins the fight
and game is almost decided.} (23... cxb5 24. Bd2 Ne4 25. Nxb5 $14) (23... c5 $5
24. Kd2 Ne4+ 25. Nxe4 Bxe4 26. Re1 Nd5 27. Rb3 c4 28. Rc3 Nf6 $5 29. Bb2 Bd5
30. e4 $1 Nxe4+ 31. Rxe4 Bxe4 32. a4 Bg6 33. Rc1 $11) 24. Nxd5 cxd5 25. Bd2 Ne4
$1 {Stopping h3 as g3 is hanging.} 26. Rg1 (26. Rb3 $4 Nxd2 27. Kxd2 Rc2+ $19)
(26. h4 $5 Nxg3 27. Rh2 a4 $1 $17) 26... h5 $1 {Stopping all counterplay and
Black only needs to bring the king into the game.} 27. Rg2 a4 $1 {Stopping any
Rb3 ideas.} (27... Kf7 28. Rb3 Bh3 29. Rf2 Rc2 30. Rxd3 Ra2 31. Ke2 Bf5 $1 32.
Rd4 a4 $17) 28. Rb4 Rc4 $5 {Black is still winning but it is not trivial
anymore.} (28... Rc2 $1 29. Rxe4 dxe4 30. Rf2 Bg4 31. Bb4 Be2 $19 {I
calculated this line, but did not realise quickly enough that Black is just
winning here. The king enters through the light squares.}) 29. b6 Kf7 (29...
Rc2 $1 $19) 30. Rf2 g6 $5 {Avoiding an f5-break.} 31. Rg2 (31. g4 Bxg4 32. f5
g5 $1 $19 {Stopping Rf4.}) 31... Ke6 32. Rf2 Kf6 $5 {The black king is needed
on the queenside, but it does not hurt to take a few moves to get it there as
I was also approaching time trouble.} 33. Rg2 Kf7 34. Rf2 Ke6 35. Rg2 Kd7 36.
Rf2 Kc6 37. Rb1 Rc2 38. Rc1 Nxf2 {I decided to take the exchange finally as I
thought the endgame with opposite coloured bishops is easily won.} 39. Kxf2
Kxb6 40. Ke1 Kc5 (40... Kb5 $5) 41. Rxc2+ (41. Rb1 b5 $19) 41... dxc2 42. Bb4+
Kc4 43. Kd2 Kb3 44. Kc1 b6 {Forcing the entry to the kingside as White's
bishop is forced to stay on the a3-f8 diagonal.} 45. Be7 Kc3 46. Bd8 b5 47. Be7
Kd3 48. Bc5 Ke2 49. h4 Kf3 50. Kd2 Kxg3 51. Be7 Kg4 (51... b4 $5 52. axb4 a3
53. b5 a2 54. Bf6 d4 55. Bxd4 Kxh4 56. b6 Be4 {was already possible.}) 52. Bg5
Be4 53. Bf6 Bd3 $5 54. Be7 b4 $1 {The decisive breakthrough as the white
bishop is overloaded to protect the many weaknesses.} 55. axb4 a3 56. b5 a2 57.
Bf6 d4 $1 (57... a1=Q 58. Bxa1 Kxh4 59. b6 Ba6 60. Kxc2 Kg4 61. Bf6 h4 $19) 58.
Bxd4 Kxh4 59. b6 Be4 {With this win I managed to take the lead in the
tournament and eventually won the 52nd Capablanca Memorial with a one point
margin.} 0-1

[Event "Olympiad-32"]
[Site "Yerevan"]
[Date "1996.09.27"]
[Round "11.3"]
[White "Psakhis, Lev"]
[Black "Wang, Zili"]
[Result "1-0"]
[WhiteElo "2590"]
[BlackElo "2535"]
[Annotator "Shipov,S"]
[PlyCount "73"]
[EventDate "1996.09.15"]
[EventType "team-swiss"]
[EventRounds "14"]
[EventCountry "ARM"]
[SourceTitle "CBM 055"]
[Source "ChessBase"]
[SourceDate "1996.12.01"]
[SourceVersion "1"]
[SourceVersionDate "1996.12.01"]
[SourceQuality "1"]
[WhiteTeam "Israel"]
[BlackTeam "China"]
[WhiteTeamCountry "ISR"]
[BlackTeamCountry "CHN"]

1. c4 e5 2. g3 Nc6 3. Nc3 g6 4. Rb1 Bg7 5. Bg2 Nf6 6. d3 a5 (6... O-O 7. b4 d6
8. Bg5 h6 9. Bxf6 Bxf6 10. e3 Bg7 11. Nge2 f5 12. Nd5 Nb8 13. b5 c6 14. bxc6
bxc6 15. Ndc3 f4 $1 16. Be4 fxe3 17. fxe3 Be6 18. Qb3 Nd7 $1 19. Bxc6 Nc5 20.
Qc2 Rc8 21. Bg2 e4 $1 $44 {Bareev,E-Lutz,C/Internet/1995/0,5/30/}) (6... h6 7.
Nf3 O-O 8. O-O d6 9. b4 a6 10. a4 Nd4 11. Nd2 c6 12. a5 d5 13. e3 Ne6 14. Na4
Ng5 15. Nb6 Rb8 16. Nxc8 Rxc8 $10 {Foisor,O-Lalic,B/Zaragosa/1995/0,5/21/}) 7.
Nf3 (7. a3 O-O 8. b4 axb4 9. axb4 d6 10. Nf3 Nd4 11. Bg5 h6 12. Bxf6 Qxf6 13.
Nxd4 exd4 14. Ne4 $6 (14. Nd5 $1 Qd8 15. b5 $14) 14... Qe7 15. O-O Bg4 16. Re1
Rfe8 (16... Ra2 $5) 17. b5 $6 (17. Ra1 $10) 17... Ra2 $15 {Spiridonov,
N-Skembris,S/Athens/1989/0:1/40/}) 7... d6 8. Bg5 $1 h6 9. Bxf6 Bxf6 10. a3 O-O
11. b4 axb4 12. axb4 Bg7 13. b5 Nd4 $6 (13... Ne7 $1 14. O-O (14. Nd2 $2 e4 $3
$36 {/\ /} 15. Ncxe4 f5) 14... Be6 15. Nd2 c6 $10) 14. Nxd4 exd4 15. Nd5 $1 Be6
(15... c6 16. bxc6 bxc6 17. Nb4 $16) 16. O-O Qd7 (16... Bxd5 17. Bxd5 Rb8 18.
Ra1 $14) 17. Nb4 $1 $14 {>< b7,c7;<-> a /} Rab8 (17... Bh3 18. Bxb7 Bxf1 19.
Bxa8 (19. Qxf1 $5) 19... Bxe2 20. Qxe2 (20. Qa4 $5) 20... Rxa8 21. Nd5 $14 {
>< c7/}) 18. Re1 Rfe8 19. Ra1 Bh3 20. Bh1 h5 21. Ra7 Qc8 22. Qd2 h4 23. Nd5
hxg3 24. hxg3 Bg4 25. Bf3 $1 Re5 (25... Bxf3 26. exf3 $16 {>< c7/} Qd7) 26. Qf4
Bxf3 27. Qxf3 $16 Qd8 28. Nb4 Bh6 $2 (28... Qc8 $8 29. Kg2 $16 {/\ Rh1-h4-e4!/}
) 29. Rxb7 Rxb7 30. Qxb7 Bd2 31. Nc6 Qg5 32. Nxe5 Bxe1 33. Nf3 Qc1 34. Kg2 $18
Qd1 35. Qxc7 Qxe2 36. Nxe1 Qxe1 37. b6 1-0

[Event "AUT-ch"]
[Site "Moesern"]
[Date "1997.08.08"]
[Round "7"]
[White "Duer, Arne"]
[Black "Stanec, Nikolaus"]
[Result "0-1"]
[WhiteElo "2405"]
[BlackElo "2465"]
[Annotator "Sommerbauer,N"]
[PlyCount "70"]
[EventDate "1997.08.??"]
[EventType "tourn"]
[EventRounds "15"]
[EventCountry "AUT"]
[EventCategory "6"]
[SourceTitle "CBM 059 Extra"]
[Source "ChessBase"]
[SourceDate "1997.09.26"]
[SourceVersion "1"]
[SourceVersionDate "1997.09.26"]
[SourceQuality "1"]

1. c4 e5 2. g3 Nc6 3. Bg2 g6 4. Nc3 Bg7 5. e3 d6 6. Nge2 h5 7. h3 (7. d4 $142
h4 (7... exd4) 8. d5 Nce7 9. e4 f5 10. Bg5 h3 (10... Bh6 11. gxh4 $16) (10...
Bf6 11. gxh4 $16) (10... Nh6 11. Bxh4 Nf7 12. Bxe7 $16) 11. Bf1 $142 $1 Nf6 (
11... Bf6 12. Be3 Nh6 13. Bxh3 f4 14. Bxc8 fxe3 15. Be6 $18) (11... Bh6 12.
Bxe7 Qxe7 13. Bxh3 $16) 12. Qd2 $1 (12. exf5) 12... Nxe4 (12... fxe4 13. Bxf6
$1 Bxf6 14. Nxe4 $16 {><g6, h3}) 13. Nxe4 fxe4 14. Nc3 Bf5 15. Be2 Qd7 16. Rg1
{/\ g4+/- (Chernin)}) 7... Nh6 8. b3 (8. d3 $5 O-O 9. Rb1 a5 10. a3 {/\ b4,b5})
8... O-O 9. Bb2 f5 10. Nd5 Ne7 11. d4 c6 12. Nxe7+ Qxe7 13. O-O e4 14. Nf4 Kh7
15. f3 (15. b4 $5) 15... Bd7 16. Kh2 Rae8 17. fxe4 fxe4 18. Qd2 Nf5 19. Rae1
Qg5 20. Qf2 Qh6 21. h4 g5 (21... Bc8 $5 22. Nh3 $4 Nxh4) 22. hxg5 Qxg5 23. Bh3
Qh6 24. Rg1 Bf6 25. d5 Be5 $1 26. dxc6 bxc6 27. Bxe5 dxe5 $17 28. Qd2 {[#]} (
28. Bxf5+ Rxf5 29. Qd2 Bc8 30. Nh3 $17) 28... Nd4 29. exd4 (29. Bg2 exf4 30.
gxf4 (30. Qxd4 fxg3+ 31. Kh1 (31. Kxg3 Qg5+ 32. Kh2 Qh4+) 31... Qe6 32. Rgf1
Qg4 $19) 30... Qf6 31. Rh1 (31. Qxd4) 31... Rg8 $19) 29... exf4 30. gxf4 (30.
Bxd7 $4 fxg3+ 31. Rxg3 Qxd2+) 30... Bxh3 31. Kxh3 Rxf4 $40 32. Re3 $2 (32. Rg2
$8 $13 e3 33. Qd3+ Ree4 34. Kh2) 32... Qe6+ (32... Rf3+ 33. Rg3 Rxg3+ 34. Kxg3
Rg8+ 35. Kh3 Qf4 $19) 33. Kh2 Rh4+ 34. Kg2 Rg8+ 35. Kf1 Rf4+ 0-1

[Event "St Petersburg"]
[Site "St Petersburg"]
[Date "1994.??.??"]
[Round "?"]
[White "Savon, Vladimir A"]
[Black "Svidler, Peter"]
[Result "0-1"]
[WhiteElo "2435"]
[BlackElo "2505"]
[Annotator "Svidler,P"]
[PlyCount "78"]
[EventDate "1994.??.??"]
[EventType "tourn"]
[EventRounds "14"]
[EventCountry "RUS"]
[EventCategory "9"]
[SourceTitle "CBM 042"]
[Source "ChessBase"]
[SourceDate "1994.10.01"]
[SourceVersion "1"]
[SourceVersionDate "1994.10.01"]
[SourceQuality "1"]

1. c4 e5 2. d3 Nc6 3. Nc3 g6 4. g3 Bg7 5. Bg2 d6 6. Rb1 f5 7. b4 a6 8. a4 Nf6
9. b5 axb5 10. axb5 Ne7 (10... Nd4 $142 11. e3 Ne6 $13) 11. Qb3 O-O 12. f4 $1
$14 exf4 13. gxf4 Kh8 14. Nf3 Be6 $5 15. Nd4 (15. Ng5 Qc8 (15... Bg8 16. Bxb7
d5 (16... Rb8 17. Bg2 d5 18. Nf3 $16) 17. Bxa8 Qxa8 18. Nf3 $16) 16. Nxe6 Qxe6
17. Bxb7 Rab8 18. Bf3 Ng4 $44) 15... Bg8 16. Bxb7 d5 17. c5 $1 (17. Bxa8 dxc4
18. dxc4 Qxd4 $44 19. e3 $140 Qd3 20. Nd5 Qxb3 21. Rxb3 Nexd5 22. Bxd5 Nxd5 23.
cxd5 Bxd5 $19) 17... Rb8 (17... Nd7 18. Qb4 $16) 18. c6 Ng4 (18... Nd7 19. Qb4
$16) 19. Qb4 Nc8 20. Nd1 $1 Qh4+ 21. Kd2 Qh3 22. Bb2 Re8 23. Re1 $1 Nxh2 24.
Nc2 $16 Bf7 25. Bxg7+ Kxg7 26. Qd4+ Kg8 27. Kc1 (27. Bxc8 Rbxc8 28. Nde3 $16)
27... Qh4 28. Nc3 Ng4 29. Kb2 $22 (29. Bxc8 $1 $16) 29... Nd6 $1 30. Ba6 Rb6
$13 31. Nb4 Ne3 32. Rh1 Qf2 33. Ka2 $2 (33. Ka1 $142 Ra8 34. Rxh7 Rbxa6+ 35.
bxa6 Rxa6+ 36. Nca2 $8 Nc2+ $1 37. Nxc2 Qxd4+ 38. Nxd4 Kxh7 $14) (33. Nc2 $5)
33... Ng4 $2 (33... Nd1 $1 34. Qxf2 $8 Nxf2 $19 {- 33...Ng4}) 34. Qxf2 $22 (34.
Nc2 $8 Qxd4 35. Nxd4 Ra8 36. Na4 Rbb8 $13) 34... Nxf2 $19 35. Rhf1 d4+ 36. Ka3
dxc3 37. Rxf2 Ra8 38. Ka4 Nxb5 39. e3 Nd4 $138 (39... Nd4 40. exd4 Raxa6+ 41.
Nxa6 Rxa6+ 42. Kb4 Rb6+ $19) 0-1

[Event "Sonnevanck 1st"]
[Site "Wijk aan Zee"]
[Date "1987.10.03"]
[Round "2"]
[White "Deleyn, Gunter"]
[Black "Armas, Julius"]
[Result "0-1"]
[WhiteElo "2325"]
[BlackElo "2325"]
[Annotator "Van Mil,J"]
[PlyCount "82"]
[EventDate "1987.10.02"]
[EventType "tourn"]
[EventRounds "9"]
[EventCountry "NED"]
[EventCategory "3"]
[SourceTitle "EXT 2008"]
[Source "ChessBase"]
[SourceDate "2007.11.25"]
[SourceVersion "1"]
[SourceVersionDate "2007.11.25"]
[SourceQuality "1"]

1. c4 g6 2. g3 Bg7 3. Bg2 e5 4. Nc3 Nc6 5. e4 d6 6. Nge2 Be6 7. Nd5 h5 8. h4
Nh6 9. d3 O-O 10. f3 Nd4 $6 11. Nxd4 exd4 12. Nf4 Bd7 13. O-O Rb8 14. Bd2 Kh7
15. b4 f5 16. Nh3 fxe4 17. Ng5+ Kg8 18. dxe4 Nf7 19. Qb3 Qe7 20. c5 dxc5 21.
bxc5 Kh8 22. Nxf7+ Qxf7 23. Bf4 $6 (23. f4 $1) 23... Be6 24. Qa3 d3 25. Rac1
Bxa2 $4 (25... Rbd8) 26. Qxd3 Bb2 27. Rc2 Rbd8 28. Qe2 Bd4+ 29. Be3 Bb3 30.
Rcc1 b5 $6 31. Bxd4+ Rxd4 32. Qxb5 Kh7 33. Qa5 a6 34. Rfe1 $2 (34. Rf2 $1)
34... Rfd8 35. Qxa6 Ra4 36. Qb5 Ra2 37. Ra1 Bc4 38. Qc6 $4 Rxg2+ $1 39. Kxg2
Rd2+ 40. Kg1 Qxf3 41. Qxc7+ Bf7 0-1